000 00737nam a2200217 a 4500
005 20220611063612.0
008 090806s1997 es r 000 0 spa d
020 _a8435016900
035 _aUPN01000171739
049 _aCG
050 4 _aPR6056 R2.8
_bH3.7
100 1 _aFraser, George MacDonald
_d1925-2008
245 1 0 _aHarry Flashman :
_bun espía al servicio del Imperio Británico /
_cGeorge MacDonald Fraser ; tr. María Antonia Menini.
260 _aBarcelona, Esp. :
_bEdhasa,
_cc1997.
300 _a455 p.
440 0 _aPocket Edhasa ;
_v190
534 _pTítulo original :
_tFlashman
650 4 _aFLASHMAN, HARRY PAGET (PERSONAJE FICTICIO) -
_vNOVELA
_913010
650 0 _aAventuras y aventureros
_94121
905 _aLibro
999 _c143843
_d143843